Zhou yi gu zhan fa /
Saved in:
| Main Author: | |
|---|---|
| Format: | Book |
| Language: | Chinese |
| Published: |
[Taibei] :
Cheng wen chu ban she,
[Min guo 65 i.e. 1976]
|
| Edition: | Tai 1 ban. |
| Series: | Wu qiu bei zhai yi jing ji cheng ;
154. |
| Subjects: | |
| Tags: |
Add Tag
No Tags, Be the first to tag this record!
|
| LEADER | 01584cam a2200349 i 4500 | ||
|---|---|---|---|
| 001 | 007744821-9 | ||
| 005 | 20024617105005.0 | ||
| 008 | 890712s1976 ch a 000 0 chi | ||
| 010 | |a 78836216 | ||
| 035 | 0 | |a ocm23341219 | |
| 040 | |a DLC |c MiU |d OCoLC |d *YNH* |d CStRLIN | ||
| 050 | 0 | |a PL2464.Z6 |b W86 vol. 154 (Orien China) | |
| 100 | 1 | |6 880-01 |a Cheng, Jiong, |d jin shi 1163. | |
| 245 | 1 | 0 | |6 880-02 |a Zhou yi gu zhan fa / |c Cheng Jiong zhuan. |
| 250 | |6 880-03 |a Tai 1 ban. | ||
| 260 | |6 880-04 |a [Taibei] : |b Cheng wen chu ban she, |c [Min guo 65 i.e. 1976] | ||
| 300 | |a 92, 92, 72, 32, 40 p. : |b ill. ; |c 21 cm. | ||
| 490 | 1 | |6 880-05 |a Wu qiu bei zhai yi jing ji cheng ; |v 154 | |
| 500 | |a A collection of five reprints. | ||
| 505 | 0 | |6 880-06 |a Zhou yi gu zhan fa : shang xia juan / Cheng Hui -- Shi zong / Zhao Rumou -- Chun qiu zhan shi shu : 3 juan / Mao Qiling -- Yi shi yi zhan / Li Daoping -- Gai zheng she shi fa / Shen Shandeng. | |
| 630 | 0 | 0 | |6 880-07 |a Yi jing. |
| 880 | 1 | |6 100-01 |a 程迥, |d jin shi 1163. | |
| 880 | 1 | 0 | |6 245-02 |a 周易古占法 / |c 程迥撰. |
| 880 | |6 250-03 |a 臺1版. | ||
| 880 | |6 260-04 |a [台北] : |b 成文出版社, |c [民國65 i.e. 1976] | ||
| 880 | 1 | |6 490-05 |a 無求備齋易經集成 ; |v 154 | |
| 880 | 0 | |6 505-06 |a 周易古占法 : 上下卷 / 程迴 -- 筮宗 / 趙汝謀 -- 春秋占筮書 : 3卷 / 毛奇齡 -- 易筮遺占 / 李道平 -- 改正揲蓍法 / 沈善登. | |
| 880 | 0 | 0 | |6 630-07 |a 易經. |
| 830 | 0 | |6 880-55 |a Wu qiu bei zhai yi jing ji cheng ; |v 154. | |
| 880 | 0 | |6 830-55 |a 無求備齋易經集成 ; |v 154. | |
| 988 | |a 20021102 | ||
| 906 | |0 DLC | ||


